00608 2200229 4500001002100000005001500021035002000036008004100056245005000097100002800147250001000175260003700185300002800222020002200250084001900272082001300291650003400304990001000338990001000348990001000358990001000368INLIS00000000001203020260424112113 a0010-0426000001260424 g 0 ind 1 aMengenal orde baru /cDhianita Kusuma Pertiwi aDhianita Kusuma Pertiwi aCet.3 aYogyakarta :bMojok Group,c2021 axx, 586 hlm ;c14x21 cm a978-623-96940-0-5 a959.8037 DHI m a959.8037 4aIndonesia--Sejarah--Orde Baru a58195 a58196 a58197 a58198